| 000 -CABECERA |
| Longitud fija campo de control |
00500nam a2200157 a 4500 |
| 001 - NÚMERO DE CONTROL |
| Número de control |
1209 |
| 003 - IDENTIFICADOR DEL NÚMERO DE CONTROL |
| Identificador del número de control |
CDMR |
| 005 - FECHA Y HORA DE LA ÚLTIMA TRANSACCIÓN |
| Fecha y hora de la última transacción |
20131011171002.0 |
| 008 - CÓDIGOS DE INFORMACIÓN DE LONGITUD FIJA |
| Códigos de información de longitud fija |
130130s ||||||||||||||||||||||||||||d |
| 040 ## - FUENTE DE LA CATALOGACIÓN |
| Centro catalogador de origen |
CDMR |
| Lengua de catalogación |
cat |
| Centro transcriptor |
CDMR |
| 110 2# - PUNTO DE ACCESO PRINCIPAL-NOMBRE DE ENTIDAD CORPORATIVA |
| Nombre de entidad corporativa o nombre de jurisdicción como elemento inicial |
Montepio de Empleados y Corresponsables Administrativos de la Prensa de España |
| 9 (RLIN) |
247 |
| 245 10 - MENCIÓN DE TÍTULO |
| Título |
Estatutos |
| Mención de responsabilidad, etc. |
Montepío de Empleados y Corresponsales Administrativos de la Prensa de España |
| 260 ## - PUBLICACIÓN, DISTRIBUCIÓN, ETC. (PIE DE IMPRENTA) |
| Lugar de publicación, distribución, etc. |
[s.l. |
| Nombre del editor, distribuidor, etc. |
s.n |
| Fecha de publicación, distribución, etc. |
s.d.] |
| 300 ## - DESCRIPCIÓN FÍSICA |
| Extensión |
19 p. |
| Dimensiones |
15 cm |
| 942 ## - ENTRADA DE ELEMENTOS AGREGADOS (KOHA) |
| Koha [por defecto] tipo de item |
Fullets |
| Fuente de clasificaión o esquema |
|